[Event "FB1 1920 SV Medizin Erfurt - SC Bad Kö"]
[Site "?"]
[Date "2019.12.14"]
[Round "3.6"]
[White "Umpfenbach, Carolin"]
[Black "Schoene, Maria"]
[Result "0-1"]
[WhiteElo "2077"]
[BlackElo "2147"]
[PlyCount "77"]
[EventDate "2019.??.??"]

1. d4 Nf6 2. c4 g6 3. Nc3 Bg7 4. e4 d6 5. f3 O-O 6. Be3 a6 7. Nge2 Nbd7 8. Qd2
c5 9. Rd1 b6 10. Nc1 Bb7 11. Be2 e6 12. dxc5 dxc5 13. O-O Bc6 14. Bg5 Qc8 15.
Bh6 Qc7 16. Bxg7 Kxg7 17. f4 Rfd8 18. Qe3 Qb7 19. Bf3 b5 20. e5 Ne8 21. Bxc6
Qxc6 22. Nb3 Qb6 23. Nd2 Rac8 24. Nce4 Qc6 25. cxb5 axb5 26. Nf3 Qc7 27. Rd2 c4
28. Rfd1 Nb6 29. Nfg5 h6 30. Nf3 Nd5 31. Qf2 Nxf4 32. Nd6 Nxd6 33. exd6 Qc5 34.
Ne1 Qxf2+ 35. Kxf2 Nd5 36. g3 Rxd6 37. a3 Rb6 38. Ng2 b4 39. axb4 0-1

[Event "FB1 1920 SK Lehrte - SV 1920 Hofheim"]
[Site "?"]
[Date "2019.12.14"]
[Round "3.1"]
[White "Mar, Karmen"]
[Black "Sieber, Fiona"]
[Result "1-0"]
[WhiteElo "2082"]
[BlackElo "2277"]
[PlyCount "89"]
[EventDate "2019.??.??"]

1. e4 c5 2. Nf3 d6 3. d4 cxd4 4. Qxd4 Nc6 5. Bb5 Bd7 6. Bxc6 Bxc6 7. Nc3 e5 8.
Qd3 h6 9. O-O Nf6 10. Nd2 a6 11. a4 Qc7 12. Nc4 Be7 13. Ne3 g6 14. Rd1 Kf8 15.
b3 Kg7 16. Bb2 Rhe8 17. Rd2 b5 18. Ned5 Nxd5 19. Nxd5 Qb7 20. Nxe7 Qxe7 21.
Qxd6 Qxd6 22. Rxd6 Bxe4 23. axb5 axb5 24. Rxa8 Rxa8 25. Bxe5+ Kf8 26. c4 bxc4
27. bxc4 Ke7 28. f3 Ra5 29. Bg3 Bf5 30. Rd1 Ra2 31. c5 Rc2 32. Bd6+ Ke6 33. g4
Rc3 34. gxf5+ Kxf5 35. Kf2 g5 36. Rd5+ Ke6 37. Re5+ Kf6 38. Re8 Rc2+ 39. Kg3 h5
40. Rc8 Kf5 41. c6 Ke6 42. Bb8 h4+ 43. Kg4 Rg2+ 44. Kh5 Kf5 45. Rf8 1-0

[Event "FB1 1920 SK Lehrte - SV 1920 Hofheim"]
[Site "?"]
[Date "2019.12.14"]
[Round "3.2"]
[White "Newrkla, Katharina"]
[Black "Roessler, Ulrike"]
[Result "1-0"]
[WhiteElo "2215"]
[BlackElo "2118"]
[PlyCount "99"]
[EventDate "2019.??.??"]

1. e4 g6 2. d4 Bg7 3. Nf3 d6 4. Be3 Nf6 5. Nc3 O-O 6. Qd2 c6 7. Bh6 Nbd7 8. h4
e5 9. h5 Nxh5 10. O-O-O Bxh6 11. Qxh6 Qf6 12. dxe5 dxe5 13. Rxd7 Bxd7 14. Rxh5
Qf4+ 15. Qxf4 exf4 16. Rh4 f6 17. Bc4+ Kg7 18. Nd4 g5 19. Rh1 Rfe8 20. a4 Rad8
21. Be2 Bc8 22. Bh5 Re5 23. Rd1 Kg8 24. Be2 c5 25. Bc4+ Kh8 26. Ndb5 Rxd1+ 27.
Kxd1 Be6 28. Bxe6 Rxe6 29. f3 h5 30. Nxa7 Kg7 31. Nab5 g4 32. Nd5 gxf3 33. gxf3
h4 34. Nxf4 Ra6 35. b3 f5 36. e5 Rh6 37. Nh3 b6 38. Nd6 Rh8 39. Nxf5+ Kg6 40.
Ne3 Kf7 41. Ke2 Rg8 42. Ng4 Ke6 43. Nf4+ Ke7 44. Ke3 Kd8 45. Ke4 Kc7 46. Nd5+
Kb7 47. Ndf6 Rf8 48. e6 h3 49. e7 Rxf6 50. e8=Q 1-0

[Event "FB1 1920 SK Lehrte - SV 1920 Hofheim"]
[Site "?"]
[Date "2019.12.14"]
[Round "3.4"]
[White "Zschischang, Marine"]
[Black "Winterholler, Christina"]
[Result "0-1"]
[WhiteElo "2092"]
[BlackElo "2071"]
[PlyCount "86"]
[EventDate "2019.??.??"]

1. d4 d5 2. c4 c6 3. cxd5 cxd5 4. Nc3 Nc6 5. Nf3 Nf6 6. Ne5 e6 7. e3 a6 8. f4
Bb4 9. Bd2 Bxc3 10. Bxc3 Nxe5 11. fxe5 Ne4 12. Qg4 O-O 13. Bd3 f5 14. exf6 Nxf6
15. Qh4 Bd7 16. a4 Ne4 17. Qxd8 Raxd8 18. Bb4 Rf7 19. Rf1 Rxf1+ 20. Kxf1 Bc6
21. Ke2 Rd7 22. Be1 Rf7 23. b4 Be8 24. b5 Rc7 25. bxa6 bxa6 26. Bxa6 Ra7 27.
Bc8 Kf7 28. a5 Nd6 29. Rc1 Bb5+ 30. Kd1 Bc4 31. Rb1 Nxc8 32. Rb8 Ne7 33. Rb6
Ra6 34. Rb7 Kf6 35. Bh4+ g5 36. Bg3 Nf5 37. Be5+ Kg6 38. Kd2 Rxa5 39. g4 Ra2+
40. Kc1 Nxe3 41. Rg7+ Kh6 42. h3 Bd3 43. Rc7 Nc4 0-1

[Event "FB1 1920 SK Lehrte - SV 1920 Hofheim"]
[Site "?"]
[Date "2019.12.14"]
[Round "3.5"]
[White "Barpiyeva, Gulsana"]
[Black "Manusina, Nicole"]
[Result "1/2-1/2"]
[WhiteElo "2009"]
[BlackElo "1992"]
[PlyCount "53"]
[EventDate "2019.??.??"]

1. c4 e6 2. Nc3 d5 3. d4 Be7 4. e3 Nf6 5. Nf3 O-O 6. Bd3 a6 7. O-O dxc4 8. Bxc4
c5 9. b3 Nc6 10. Bb2 b5 11. Bd3 cxd4 12. exd4 Bb7 13. Rc1 Qb6 14. Qe2 Rad8 15.
Rfd1 Nb4 16. Bb1 Nbd5 17. Nxd5 Bxd5 18. Ne5 Qb7 19. f3 Rc8 20. Nd3 Qa7 21. Nf4
Bd6 22. Nxd5 Nxd5 23. Qe4 g6 24. g3 Qe7 25. Rc2 Rc7 26. Rc5 Rxc5 27. Bc2
1/2-1/2

[Event "FB1 1920 SK Lehrte - SV 1920 Hofheim"]
[Site "?"]
[Date "2019.12.14"]
[Round "3.6"]
[White "Boehm, Jana"]
[Black "Froehlich-Dill, Astrid"]
[Result "1-0"]
[WhiteElo "1996"]
[BlackElo "1858"]
[PlyCount "105"]
[EventDate "2019.??.??"]

1. e4 e6 2. d4 b6 3. Nf3 Bb7 4. Bd3 c5 5. c3 cxd4 6. cxd4 Nc6 7. O-O Nb4 8. Nc3
Nxd3 9. Qxd3 a5 10. Re1 Ba6 11. Nb5 Bb4 12. Bd2 Bxd2 13. Nxd2 Bxb5 14. Qxb5 Ne7
15. Nc4 O-O 16. Qxb6 d5 17. Qxd8 Rfxd8 18. exd5 Nxd5 19. Ne3 Rab8 20. Rab1 Nf4
21. Nc4 Rxd4 22. Nxa5 Rd2 23. Nb3 Rc2 24. Red1 Nd5 25. Rdc1 Re2 26. Kf1 Re4 27.
Nc5 Rd4 28. a3 g5 29. b4 Nf4 30. Rd1 Rxd1+ 31. Rxd1 Nd5 32. Rb1 Rb5 33. Ke1 Kf8
34. Kd2 Ke7 35. Kd3 Rb8 36. Kc4 Nb6+ 37. Kb3 Nd5 38. Rc1 h5 39. Rc4 Nb6 40. Rd4
Nd5 41. a4 f5 42. b5 Rc8 43. Rc4 e5 44. a5 Rb8 45. Ka4 Ra8 46. Na6 Kd7 47. Rc5
Ne7 48. Rxe5 Kd6 49. Rxe7 Kxe7 50. b6 f4 51. b7 Rd8 52. b8=Q Rxb8 53. Nxb8 1-0

[Event "FB1 1920 SV Medizin Erfurt - SC Bad Kö"]
[Site "?"]
[Date "2019.12.14"]
[Round "3.1"]
[White "Girya, Olga"]
[Black "Ratay, Meike"]
[Result "1-0"]
[WhiteElo "2488"]
[BlackElo "1970"]
[PlyCount "55"]
[EventDate "2019.??.??"]

1. d4 Nf6 2. c4 e6 3. Nf3 d5 4. Nc3 Be7 5. Bf4 c6 6. e3 O-O 7. Rc1 Nbd7 8. h3
dxc4 9. Bxc4 Nb6 10. Bd3 Nbd5 11. Bh2 Nxc3 12. bxc3 c5 13. Ne5 cxd4 14. exd4
Qd5 15. O-O Bd7 16. c4 Qa5 17. Nxd7 Nxd7 18. Qf3 Bg5 19. Rb1 Qxa2 20. Rxb7 Qa4
21. Bd6 Rfd8 22. Rb4 Qa2 23. Bb1 Qa6 24. Bc7 Rf8 25. Be4 Rae8 26. Bb7 Qa2 27.
Bc6 Qd2 28. Rb7 1-0

[Event "FB1 1920 TuRa Harksheide  - SK Schwäbis"]
[Site "?"]
[Date "2019.12.15"]
[Round "4.1"]
[White "Javakhishvili, Lela"]
[Black "Antolak, Julia"]
[Result "1/2-1/2"]
[WhiteElo "2463"]
[BlackElo "2249"]
[PlyCount "62"]
[EventDate "2019.??.??"]

1. d4 Nf6 2. c4 d6 3. Nc3 Nbd7 4. e4 e5 5. Nf3 g6 6. Be3 Bg7 7. Be2 O-O 8. O-O
c6 9. d5 c5 10. Nd2 a6 11. a3 Ne8 12. b4 b6 13. Rb1 f5 14. f3 f4 15. Bf2 g5 16.
bxc5 bxc5 17. Qa4 h5 18. Rb2 Rf6 19. Rfb1 Rg6 20. h3 Ndf6 21. Rb8 Rxb8 22. Rxb8
Nc7 23. Qc6 Nd7 24. Rb2 Nf6 25. Rb8 Nd7 26. Rb3 Nf6 27. Kf1 g4 28. hxg4 hxg4
29. Rb8 Nd7 30. Rb2 Nf6 31. Rb8 Nd7 1/2-1/2

[Event "FB1 1920 TuRa Harksheide  - SK Schwäbis"]
[Site "?"]
[Date "2019.12.15"]
[Round "4.2"]
[White "Utiatskaja, Irina"]
[Black "Khotenashvili, Bela"]
[Result "1/2-1/2"]
[WhiteElo "2131"]
[BlackElo "2446"]
[PlyCount "98"]
[EventDate "2019.??.??"]

1. d4 Nf6 2. c4 g6 3. Nc3 d5 4. Nf3 Bg7 5. h4 c6 6. cxd5 cxd5 7. Bf4 O-O 8. Qb3
Nc6 9. e3 Na5 10. Qb4 Bf5 11. Be2 Rc8 12. Ne5 Ne4 13. Nxe4 Bxe4 14. f3 Bc2 15.
Rc1 f6 16. Ng4 Bf5 17. O-O Kh8 18. Rc5 Rxc5 19. Qxc5 Nc6 20. Rd1 Qd7 21. Nf2
Rc8 22. e4 Be6 23. Qa3 Bf7 24. Be3 Bf8 25. Qa4 Qc7 26. Nd3 Qb6 27. Bf2 Qa5 28.
Qb3 Kg8 29. Qxb7 Rc7 30. Qa8 Qb6 31. Be3 Rd7 32. Nc5 Rd8 33. Qb7 Qxb7 34. Nxb7
Rb8 35. Rc1 Rxb7 36. Rxc6 Rxb2 37. Rc8 Kg7 38. Kf1 Rxa2 39. g4 h5 40. gxh5 gxh5
41. Rd8 dxe4 42. fxe4 a5 43. Ra8 Bg6 44. e5 fxe5 45. dxe5 Be4 46. Rd8 Ra1+ 47.
Kf2 Ra2 48. Kf1 Ra1+ 49. Kf2 Ra2 1/2-1/2

[Event "FB1 1920 TuRa Harksheide  - SK Schwäbis"]
[Site "?"]
[Date "2019.12.15"]
[Round "4.3"]
[White "Atalik, Ekaterina"]
[Black "Gosciniak, Maria"]
[Result "1-0"]
[WhiteElo "2462"]
[BlackElo "2087"]
[PlyCount "71"]
[EventDate "2019.??.??"]

1. d4 e6 2. g3 Nf6 3. Bg2 d5 4. Nf3 c5 5. c4 Nc6 6. cxd5 Nxd5 7. O-O Be7 8. Nc3
O-O 9. Nxd5 Qxd5 10. Be3 Qh5 11. dxc5 e5 12. Qa4 Kh8 13. b4 e4 14. b5 Nd8 15.
Qxe4 Bxc5 16. Bxc5 Qxc5 17. a4 Ne6 18. Rfc1 Qb6 19. e3 a6 20. bxa6 Qxa6 21. Qb4
Qa5 22. Qe7 Kg8 23. Nd4 Nxd4 24. exd4 Qd2 25. Qc5 h6 26. a5 Ra6 27. Rc2 Qg5 28.
Qxg5 hxg5 29. Rxc8 Rxc8 30. Bxb7 Rca8 31. Bxa8 Rxa8 32. a6 Ra7 33. Kf1 f6 34.
Ke2 Kf7 35. Kd3 Ke6 36. Kc4 1-0

[Event "FB1 1920 TuRa Harksheide  - SK Schwäbis"]
[Site "?"]
[Date "2019.12.15"]
[Round "4.4"]
[White "Endress, Anna"]
[Black "Bulmaga, Irina"]
[Result "0-1"]
[WhiteElo "2120"]
[BlackElo "2434"]
[PlyCount "82"]
[EventDate "2019.??.??"]

1. e4 Nf6 2. e5 Nd5 3. c4 Nb6 4. d4 d6 5. exd6 cxd6 6. Nc3 g6 7. Be3 Bg7 8. Rc1
O-O 9. b3 Bf5 10. Nf3 d5 11. c5 Nc8 12. b4 a6 13. Be2 Nc6 14. Qb3 Be4 15. Rd1
e6 16. a4 Bxf3 17. Bxf3 N8e7 18. Ne2 Nf5 19. Bg4 Nxe3 20. Qxe3 Nxb4 21. O-O b6
22. Rb1 a5 23. Rfd1 Rc8 24. Rbc1 Rc6 25. Nf4 Re8 26. Nd3 Nxd3 27. Rxd3 Qh4 28.
Qf3 Rec8 29. Rcd1 h5 30. Bh3 bxc5 31. dxc5 Rxc5 32. Qe2 Rc2 33. Qe3 Qxa4 34.
Ra3 Qc6 35. g3 a4 36. Bf1 Bb2 37. Ra2 a3 38. Bd3 Rc1 39. Rxc1 Qxc1+ 40. Qxc1
Rxc1+ 41. Kg2 Kf8 0-1

[Event "FB1 1920 TuRa Harksheide  - SK Schwäbis"]
[Site "?"]
[Date "2019.12.15"]
[Round "4.5"]
[White "Mkrtchian, Lilit"]
[Black "Brandt, Carina"]
[Result "1-0"]
[WhiteElo "2395"]
[BlackElo "2059"]
[PlyCount "81"]
[EventDate "2019.??.??"]

1. c4 Nf6 2. Nc3 g6 3. g3 Bg7 4. Bg2 O-O 5. e4 d6 6. Nge2 c5 7. d3 Nc6 8. h3
Ne8 9. Be3 Nd4 10. O-O Nc7 11. Rb1 a5 12. a3 Nce6 13. b4 axb4 14. axb4 b6 15.
e5 Nxe2+ 16. Nxe2 Ra3 17. exd6 Qxd6 18. bxc5 bxc5 19. Rb3 Ra1 20. Qc2 Rd8 21.
Rxa1 Bxa1 22. Qa2 Nd4 23. Ra3 Nxe2+ 24. Qxe2 Bf6 25. Ra5 Bf5 26. Rxc5 Qxd3 27.
Qxd3 Bxd3 28. Rc7 Be5 29. Rc6 h5 30. h4 Rb8 31. c5 Rb1+ 32. Kh2 Rb2 33. Rb6 Rc2
34. Rb7 e6 35. c6 Kf8 36. Bb6 Ke8 37. Ra7 Rc4 38. f4 Bd4 39. Ra8+ Ke7 40. Bxd4
Rxd4 41. c7 1-0

[Event "FB1 1920 TuRa Harksheide  - SK Schwäbis"]
[Site "?"]
[Date "2019.12.15"]
[Round "4.6"]
[White "Koehler, Inken"]
[Black "Badelka, Olga"]
[Result "0-1"]
[WhiteElo "1998"]
[BlackElo "2399"]
[PlyCount "70"]
[EventDate "2019.??.??"]

1. c4 c5 2. Nc3 Nc6 3. Nf3 g6 4. g3 Bg7 5. Bg2 d6 6. O-O e6 7. Rb1 Nge7 8. d3
O-O 9. Bd2 b6 10. a3 Bb7 11. b4 Qd7 12. Qc1 Nd4 13. Nxd4 cxd4 14. Ne4 d5 15.
Ng5 dxc4 16. Bxb7 Qxb7 17. Qxc4 Rac8 18. Qb3 h6 19. Ne4 Qd5 20. Bc1 Qxb3 21.
Rxb3 Rc2 22. Rb2 Rfc8 23. Rxc2 Rxc2 24. e3 f5 25. Nd6 dxe3 26. fxe3 Nd5 27. Kh1
Nc3 28. e4 Ne2 29. Be3 Rc3 30. Re1 Rxd3 31. Nc4 b5 32. Rxe2 bxc4 33. Bxa7 c3
34. Be3 c2 35. Kg2 Rxe3 0-1

[Event "FB1 1920 Hamburger SK - Schachfreunde D"]
[Site "?"]
[Date "2019.12.15"]
[Round "4.1"]
[White "Michna, Marta"]
[Black "Socko, Monika"]
[Result "0-1"]
[WhiteElo "2370"]
[BlackElo "2407"]
[PlyCount "174"]
[EventDate "2019.??.??"]

1. f4 d5 2. Nf3 c5 3. b3 Nf6 4. Bb2 Nc6 5. g3 g6 6. Bg2 Bg7 7. O-O O-O 8. e3 d4
9. Na3 Bf5 10. Qc1 Rc8 11. Ne5 Nxe5 12. fxe5 Ng4 13. Bxb7 Rb8 14. Bg2 Nxe5 15.
Rb1 Qd7 16. Qe1 Nc6 17. Bxc6 Qxc6 18. d3 e5 19. e4 Bh3 20. Rf2 f5 21. Nc4 Rbe8
22. Qe2 Rf7 23. Re1 f4 24. Bc1 Ref8 25. gxf4 Qe6 26. Kh1 exf4 27. Rf3 Bg4 28.
Rg1 g5 29. Qg2 Bxf3 30. Qxf3 h6 31. a4 Rf6 32. h3 Rg6 33. Kg2 h5 34. Qxh5 g4
35. hxg4 Rxg4+ 36. Kf2 Rxg1 37. Kxg1 Rf6 38. Qd5 Qxd5 39. exd5 Rf5 40. Kf2 f3
41. Nd6 Rxd5 42. Bf4 Bf8 43. Ne4 Rf5 44. Kg3 Rf7 45. Nf2 Be7 46. Kxf3 Bd6 47.
Nh3 Bxf4 48. Nxf4 Re7 49. Nd5 Re6 50. Nc7 Re3+ 51. Kf2 Kf7 52. Nb5 Re7 53. Nd6+
Ke6 54. Ne4 Kd5 55. Ke2 Rf7 56. Kd2 Rf1 57. Ke2 Rc1 58. Kd2 Rh1 59. Nf6+ Kc6
60. Ne4 Kb6 61. Ke2 Ka5 62. Nxc5 Kb4 63. Ne4 Ka3 64. Nd6 Kb2 65. Nb5 Rh4 66.
Kd1 a6 67. Nd6 Rh1+ 68. Kd2 Rh2+ 69. Kd1 Rxc2 70. Nf5 Rc3 71. Kd2 Rxb3 72. Nxd4
Rb4 73. Nc6 Rxa4 74. d4 Rc4 75. d5 Rc5 76. Ne7 Rc7 77. Nc6 Rd7 78. Nb4 a5 79.
Nd3+ Ka3 80. Nf4 Kb3 81. Kd3 a4 82. Kd4 a3 83. Nd3 Rd8 84. Nc1+ Kc2 85. Na2 Kb2
86. Nb4 Rb8 87. Nd3+ Kb1 0-1

[Event "FB1 1920 Hamburger SK - Schachfreunde D"]
[Site "?"]
[Date "2019.12.15"]
[Round "4.2"]
[White "Papp, Sarah"]
[Black "Schleining, Zoya"]
[Result "1-0"]
[WhiteElo "2314"]
[BlackElo "2316"]
[PlyCount "105"]
[EventDate "2019.??.??"]

1. e4 c5 2. Nf3 Nc6 3. Bb5 g6 4. Bxc6 dxc6 5. d3 Bg7 6. h3 Nh6 7. Nc3 f6 8. Be3
b6 9. Qd2 Nf7 10. Nh2 e5 11. f4 exf4 12. Bxf4 c4 13. d4 O-O 14. Nf3 b5 15. O-O
a6 16. Kh1 Ra7 17. Rae1 Re7 18. Nd1 Rfe8 19. Nf2 f5 20. e5 h6 21. h4 Be6 22.
Nh3 Rd7 23. Qf2 Bd5 24. Qg3 Kh7 25. Be3 Re6 26. Nf4 Rde7 27. Ng1 c5 28. Nxe6
Rxe6 29. c3 cxd4 30. cxd4 Be4 31. Nh3 Rc6 32. Rc1 Bf8 33. Rfd1 Bd5 34. Nf4 g5
35. Nxd5 Qxd5 36. Qh3 f4 37. Qf5+ Kg7 38. Bf2 Rg6 39. h5 Re6 40. Qh3 Nd8 41. b3
Rc6 42. bxc4 bxc4 43. Qf3 Qxf3 44. gxf3 Ba3 45. Rc2 c3 46. d5 Rc4 47. Rd4 Rc8
48. Ra4 Bb2 49. Rxa6 Rc4 50. Ra7+ Kf8 51. e6 Ke8 52. Kg2 Ba1 53. a3 1-0

[Event "FB1 1920 Hamburger SK - Schachfreunde D"]
[Site "?"]
[Date "2019.12.15"]
[Round "4.3"]
[White "Koepke, Elena"]
[Black "Osmanodja, Filiz"]
[Result "1-0"]
[WhiteElo "2309"]
[BlackElo "2214"]
[PlyCount "175"]
[EventDate "2019.??.??"]

1. e4 c5 2. Nf3 d6 3. Bb5+ Nc6 4. O-O Nf6 5. e5 dxe5 6. Nxe5 Bd7 7. Bxc6 Bxc6
8. Nxc6 bxc6 9. Na3 g6 10. d3 Bg7 11. Nc4 Nd5 12. Be3 Nxe3 13. fxe3 O-O 14. Qe2
Rb8 15. Rab1 f5 16. b3 Bc3 17. Rf3 e5 18. Rbf1 Rb7 19. g3 Rbf7 20. Na3 g5 21.
Nb1 Ba5 22. g4 f4 23. h3 c4 24. bxc4 Bb6 25. Kg2 Bxe3 26. Nc3 Rg7 27. Ne4 h5
28. Ng3 hxg4 29. hxg4 Bd4 30. Ne4 Rh7 31. Rh3 Rxh3 32. Kxh3 Kg7 33. Kg2 Rh8 34.
Rh1 Rxh1 35. Kxh1 Qb8 36. Nd2 Be3 37. Nf3 Kf6 38. c3 Qb1+ 39. Kg2 a5 40. a4 c5
41. Ne1 Qa1 42. Qf3 Qxa4 43. Qd5 Qe8 44. Nf3 a4 45. Qd6+ Qe6 46. Qd8+ Qe7 47.
Qh8+ Qg7 48. Qc8 a3 49. Qa6+ Kf7 50. Qxa3 Qf6 51. Qa7+ Kg6 52. Qc7 Qe6 53.
Nxe5+ Kh6 54. Qc6 Qxc6+ 55. Nxc6 Bd2 56. d4 Kg7 57. d5 Kf6 58. Kf3 Bxc3 59. Ke4
Bd2 60. Ne5 Be3 61. Nf3 Bc1 62. Kd3 Be3 63. Kc2 Bf2 64. Kb3 Bh4 65. Ka4 Ke7 66.
Kb5 Kd6 67. Kb6 Bf2 68. Kb7 Bd4 69. Nxg5 Bf6 70. Nf3 Bg7 71. Kc8 Bf6 72. g5 Be7
73. Kb7 Bf8 74. Ka6 Be7 75. Kb5 Bf8 76. Ka4 Ke7 77. Kb5 Kd6 78. Kb6 Kd7 79. g6
Kd6 80. Kb5 Bg7 81. Nh4 Ke5 82. Kxc5 Ke4 83. d6 Bf6 84. d7 Bxh4 85. g7 f3 86.
g8=Q f2 87. Qg2+ Ke3 88. Qf1 1-0

[Event "FB1 1920 Hamburger SK - Schachfreunde D"]
[Site "?"]
[Date "2019.12.15"]
[Round "4.4"]
[White "Fuchs, Judith"]
[Black "Agrest, Inna"]
[Result "1/2-1/2"]
[WhiteElo "2238"]
[BlackElo "2286"]
[PlyCount "79"]
[EventDate "2019.??.??"]

1. d4 Nf6 2. Bf4 g6 3. Nc3 d5 4. Qd2 Bg7 5. Bh6 Bxh6 6. Qxh6 Bf5 7. O-O-O Ng4
8. Qf4 Qd6 9. Qf3 Nxh2 10. Qxd5 Qf4+ 11. Kb1 c6 12. Qb3 Nxf1 13. Rxf1 Qxd4 14.
Qxb7 Qb6 15. Qxa8 O-O 16. Na4 Qc7 17. Nc5 Qb6 18. Qb7 Qxc5 19. Qb3 Nd7 20. Qc3
Qxc3 21. bxc3 Nc5 22. Nf3 Na4 23. Nd4 Bd7 24. Kc1 c5 25. Nb3 c4 26. Na5 Be6 27.
Nc6 Nxc3 28. Kd2 Ne4+ 29. Ke3 Nc3 30. f3 f5 31. g3 Kg7 32. Kf2 Bd7 33. Ne5 Be6
34. Rh4 Rc8 35. Rfh1 h5 36. Rd4 Rc5 37. Nd7 Rc7 38. Ne5 Rc5 39. Nd7 Rc7 40. Ne5
1/2-1/2

[Event "FB1 1920 Hamburger SK - Schachfreunde D"]
[Site "?"]
[Date "2019.12.15"]
[Round "4.5"]
[White "Misanovic, Vesna"]
[Black "Genova, Lyubka"]
[Result "1-0"]
[WhiteElo "2248"]
[BlackElo "2239"]
[PlyCount "45"]
[EventDate "2019.??.??"]

1. d4 Nf6 2. c4 e6 3. Nc3 Bb4 4. Bg5 h6 5. Bh4 b6 6. f3 c5 7. d5 b5 8. e4 Qa5
9. Bxf6 gxf6 10. Nge2 bxc4 11. a3 Bxc3+ 12. Nxc3 Rg8 13. Qd2 Rg6 14. O-O-O Na6
15. g4 Rb8 16. h4 Qb6 17. Rh2 Qb3 18. h5 Rg5 19. Qf4 Qb6 20. Qxf6 Qd6 21. dxe6
Qxe6 22. Qh8+ Ke7 23. Nd5+ 1-0

[Event "FB1 1920 Hamburger SK - Schachfreunde D"]
[Site "?"]
[Date "2019.12.15"]
[Round "4.6"]
[White "Zahn, Alina"]
[Black "Jelica, Mara"]
[Result "0-1"]
[WhiteElo "2123"]
[BlackElo "2122"]
[PlyCount "76"]
[EventDate "2019.??.??"]

1. e4 c5 2. Nf3 d6 3. d4 cxd4 4. Nxd4 Nf6 5. f3 e5 6. Nb3 Be6 7. c4 Qc7 8. Na3
a6 9. Be3 Nfd7 10. Be2 Be7 11. O-O O-O 12. Rc1 Nc6 13. Nd2 Nc5 14. Ndb1 f5 15.
exf5 Bxf5 16. Nc3 Qd8 17. Qd2 Qe8 18. Kh1 Qg6 19. Nd5 Bd8 20. b4 Nd7 21. g4 Be6
22. Bd3 Qe8 23. Be4 Kh8 24. Nb1 Rc8 25. a3 Bxd5 26. cxd5 Ne7 27. Rxc8 Nxc8 28.
Qc2 Ne7 29. Bxh7 g6 30. f4 exf4 31. Bd4+ Kxh7 32. Qc3 Ne5 33. Bxe5 dxe5 34.
Qxe5 Qd7 35. Nc3 Qxg4 36. Ne4 Qf5 37. Ng5+ Kh6 38. Qxf5 Rxf5 0-1

[Event "FB1 1920 OSG Baden-Baden - SV Weißblau"]
[Site "?"]
[Date "2019.12.15"]
[Round "4.1"]
[White "Cyfka, Karina"]
[Black "Stefanova, Antoaneta"]
[Result "1/2-1/2"]
[WhiteElo "2410"]
[BlackElo "2476"]
[PlyCount "23"]
[EventDate "2019.??.??"]

1. d4 d5 2. c4 e6 3. Nf3 c6 4. e3 Bd6 5. Bd3 f5 6. O-O Nf6 7. b3 Qe7 8. Bb2 b6
9. Qc1 Bb7 10. cxd5 Nxd5 11. Nbd2 Nd7 12. Nc4 1/2-1/2

[Event "FB1 1920 OSG Baden-Baden - SV Weißblau"]
[Site "?"]
[Date "2019.12.15"]
[Round "4.2"]
[White "Abdumalik, Zhansaya"]
[Black "Kulon, Klaudia"]
[Result "1-0"]
[WhiteElo "2465"]
[BlackElo "2345"]
[PlyCount "135"]
[EventDate "2019.??.??"]

1. e4 d5 2. exd5 Qxd5 3. Nc3 Qd8 4. d4 Nf6 5. g3 g6 6. Bg2 Bg7 7. Nf3 Nc6 8.
O-O O-O 9. h3 a6 10. Re1 e6 11. a3 Rb8 12. Bg5 h6 13. Bf4 Ne7 14. Qd2 Kh7 15.
Be5 b5 16. g4 Bb7 17. Rad1 Ned5 18. Nxd5 Nxd5 19. b3 Qe7 20. c4 bxc4 21. bxc4
Nb6 22. Qd3 Na4 23. Bxg7 Kxg7 24. Rb1 Bxf3 25. Qxf3 Nb2 26. Qc3 Na4 27. Qe3 Qg5
28. Rb7 Qxe3 29. Rxe3 Rxb7 30. Bxb7 c5 31. d5 exd5 32. cxd5 a5 33. Bc6 Nb6 34.
Rb3 Rb8 35. Rb5 c4 36. Kf1 Kf6 37. Ke2 Ke5 38. Kd2 f5 39. gxf5 gxf5 40. Rxa5
Nc8 41. Ra8 Rxa8 42. Bxa8 Kd4 43. Bc6 c3+ 44. Kc2 Nd6 45. a4 Nc4 46. Bb5 Na3+
47. Kb3 c2 48. Kb2 Kxd5 49. Bd3 Kc5 50. Bxf5 Kb4 51. Bxc2 Nc4+ 52. Ka2 Kc3 53.
Bb3 Na5 54. Bd5 Kd4 55. Bg2 Kc3 56. f4 Kb4 57. f5 Nc4 58. f6 Ne5 59. Bc6 Ng6
60. Be8 Nf8 61. Kb2 Kc5 62. Kc3 Ne6 63. h4 Nf8 64. a5 h5 65. Kd3 Ne6 66. Ke4
Kd6 67. Kf5 Nc7 68. Bxh5 1-0

[Event "FB1 1920 OSG Baden-Baden - SV Weißblau"]
[Site "?"]
[Date "2019.12.15"]
[Round "4.3"]
[White "Jaracz, Barbara"]
[Black "Zatonskih, Anna"]
[Result "0-1"]
[WhiteElo "2199"]
[BlackElo "2420"]
[PlyCount "92"]
[EventDate "2019.??.??"]

1. e4 e6 2. d4 d5 3. Nd2 c5 4. exd5 exd5 5. Ngf3 Nc6 6. dxc5 Bxc5 7. Nb3 Bb6 8.
Bd3 Nge7 9. c3 Bg4 10. h3 Bh5 11. Bf4 h6 12. O-O O-O 13. Be2 Re8 14. Nbd4 Nxd4
15. Nxd4 Bxe2 16. Nxe2 Nc6 17. Nd4 Nxd4 18. cxd4 Re4 19. Be3 Qd6 20. Qd3 Rae8
21. Qa3 Qxa3 22. bxa3 Bxd4 23. Rad1 Bxe3 24. fxe3 R8e5 25. Rf3 Rxe3 26. Rxe3
Rxe3 27. Rxd5 Rxa3 28. Rd2 b5 29. Rb2 a6 30. Kf2 f5 31. Ke2 Kf7 32. Kf2 Kf6 33.
Re2 b4 34. Rb2 a5 35. Re2 h5 36. Rc2 h4 37. Re2 a4 38. Rb2 b3 39. axb3 Rxb3 40.
Rc2 Rb6 41. Rc3 Ra6 42. Ra3 Ke5 43. Ke3 g5 44. Kd3 Kf4 45. Kd4 Rd6+ 46. Kc5 Rd2
0-1

[Event "FB1 1920 OSG Baden-Baden - SV Weißblau"]
[Site "?"]
[Date "2019.12.15"]
[Round "4.4"]
[White "Arakhamia-Grant, Ketevan"]
[Black "Schulz, Petra"]
[Result "1-0"]
[WhiteElo "2376"]
[BlackElo "2058"]
[PlyCount "49"]
[EventDate "2019.??.??"]

1. e4 e6 2. d4 d5 3. Nc3 Bb4 4. e5 Qd7 5. a3 Bxc3+ 6. bxc3 b6 7. Qg4 f5 8. Qg3
Ba6 9. Bxa6 Nxa6 10. a4 Nb8 11. Ne2 Qf7 12. c4 Ne7 13. cxd5 Nxd5 14. Ba3 Nc6
15. O-O a5 16. c4 Ndb4 17. d5 exd5 18. e6 Qxe6 19. Nf4 Qd7 20. Rfe1+ Kf7 21.
cxd5 Nd8 22. Ne6 g6 23. Qe5 Rg8 24. Ng5+ Kf8 25. Qf6+ 1-0

[Event "FB1 1920 OSG Baden-Baden - SV Weißblau"]
[Site "?"]
[Date "2019.12.15"]
[Round "4.5"]
[White "Just, Anita"]
[Black "Kachiani-Gersinska, Ketino"]
[Result "0-1"]
[WhiteElo "1887"]
[BlackElo "2323"]
[PlyCount "132"]
[EventDate "2019.??.??"]

1. e4 e5 2. Nf3 Nc6 3. Bc4 Bc5 4. c3 Nf6 5. d4 exd4 6. O-O Nxe4 7. cxd4 d5 8.
dxc5 dxc4 9. Qe2 Qd3 10. Re1 f5 11. Nbd2 O-O 12. Nxe4 fxe4 13. Qxe4 Bf5 14.
Qxd3 Bxd3 15. Bd2 Rxf3 16. gxf3 Nd4 17. Re3 Nc2 18. Rc1 Nxe3 19. fxe3 Rf8 20.
Kf2 Be4 21. Rxc4 Rxf3+ 22. Ke2 Bc6 23. Rf4 Rh3 24. Rf2 Bb5+ 25. Kd1 Bd3 26. Kc1
h6 27. b3 Rh5 28. b4 a5 29. a3 b6 30. cxb6 cxb6 31. Kb2 a4 32. Bc3 Be4 33. Bd4
b5 34. Kc3 Rg5 35. Rf4 Bg6 36. Rf2 Rg1 37. Be5 Ra1 38. Kd4 Rxa3 39. e4 Rb3 40.
Kc5 Re3 41. Kxb5 a3 42. Bd4 Rxe4 43. Kc5 Re8 44. Ra2 Rc8+ 45. Kd6 Rd8+ 46. Ke5
Ra8 47. Kd6 Bf7 48. Ra1 Rd8+ 49. Ke5 a2 50. Ke4 Bg6+ 51. Ke5 Bb1 52. b5 Kf7 53.
b6 Ke7 54. Be3 Rd3 55. Bc5+ Kd7 56. Bf8 Kc6 57. Bxg7 Rh3 58. Ke6 Rxh2 59. Bd4
Rd2 60. Bg7 h5 61. Ke5 h4 62. Bh6 Rf2 63. Bf4 h3 64. Bg3 Re2+ 65. Kf4 h2 66.
Kf3 Rc2 0-1

[Event "FB1 1920 OSG Baden-Baden - SV Weißblau"]
[Site "?"]
[Date "2019.12.15"]
[Round "4.6"]
[White "Tammert, Iamze"]
[Black "Amann, Katja"]
[Result "1-0"]
[WhiteElo "2307"]
[BlackElo "1930"]
[PlyCount "61"]
[EventDate "2019.??.??"]

1. c4 Nf6 2. Nc3 g6 3. g3 Bg7 4. Bg2 O-O 5. Nf3 d5 6. cxd5 Nxd5 7. d4 c6 8. O-O
Na6 9. Re1 Nac7 10. h3 Ne6 11. e3 c5 12. Nxd5 Qxd5 13. Nd2 Qd7 14. d5 Nc7 15.
Nc4 Rd8 16. e4 b6 17. Rb1 Bb7 18. Bf4 Nb5 19. a4 Nd4 20. b4 Rac8 21. Ne5 Bxe5
22. Bxe5 f6 23. Bxd4 cxd4 24. Qxd4 Qxa4 25. Ra1 Qe8 26. Rxa7 Rb8 27. e5 f5 28.
h4 Ba8 29. d6 Rd7 30. Rxa8 Rxa8 31. Qd5+ 1-0